Normal view
MARC view
- استرجاع المعلومات - نظام حوسبة
Entry Topical Term
001 - CONTROL NUMBER
- control field: 58298
003 - CONTROL NUMBER IDENTIFIER
- control field: JO-AjAnu
005 - DATE AND TIME OF LATEST TRANSACTION
- control field: 20230606083536.0
008 - FIXED-LENGTH DATA ELEMENTS
- fixed length control field: 230606|| aca||aabn | a|a d
040 ## - CATALOGING SOURCE
- Original cataloging agency: JO-AjAnu
- Transcribing agency: JO-AjAnu
150 ## - HEADING--TOPICAL TERM
- Topical term or geographic name entry element: استرجاع المعلومات - نظام حوسبة
670 ## - SOURCE DATA FOUND
- Source citation: Work cat.: (JO-AjAnu)29740: اعداد ايمان محمود العسولي، اسماء محمود العلاونة، اشراف محمد بني يونس, author 58297, استرجاع المعلومات ( تجهيز النص)